000 00839nam a2200253 i 4500
001 000038584
003 DO-SdBNP
005 20260321073642.0
007 ta
008 081127s1992 dr ac 000 0 spa d
040 _aDO-SdBNP
_bspa
_cBNPHU
_erda
082 4 _a324.27293
_bB742p, 1992
_222
100 1 _a Bosch, Juan,
_d1909-2001
_eautor
_976555
245 1 3 _aEl PLD un partido nuevo en América /
_cJuan Bosch.
250 _aSegunda edición
264 _aSanto Domingo :
_bEl Estudiante,
_c1992.
300 _a177 p. :
_bil., retrs. ;
_c21 cm.
590 _aInventariado, 2019/MFF
610 2 4 _aPartido de la Liberación Dominicana
_9284
650 4 _aPartidos políticos
_xRepública dominicana
_9660
651 0 _aRepública Dominicana
_xPolítica y gobierno
_945
910 _aValidado. Control de calidad MFF
942 _2ddc
_cLBS1
999 _c38074
_d38074